The mysterious universe

Salvato in:
Dettagli Bibliografici
Autore principale: Jeans, James Hopwood (Autore)
Natura: Libro
Lingua:inglese
Pubblicazione: Cambridge Cambridge University 1931
Edizione:2a. ed
Soggetti:
Tags: Aggiungi Tag
Nessun Tag, puoi essere il primo ad aggiungerne!!

MARC

LEADER 00000nam a2200000 a 4500
001 UCZ5711
003 CL-VaPUC
008 951124e19310000UK |||||||||||||||||eng|d
082 0 4 |a 520.1  |b JEA  |2 21 
100 |a Jeans, James Hopwood  |e author  |9 538600 
245 1 4 |a The mysterious universe 
250 |a 2a. ed 
300 |a 142 p 
942 |c BK 
945 |d 19951124 00:00:00  |a cmena 
260 |a Cambridge  |b Cambridge University  |c 1931 
650 0 |a Astronomía  |9 260985 
650 7 |a CIENCIAS DEL ESPACIO  |2 CL-VaPUC  |9 346032 
650 7 |a MECANICA CELESTE  |2 CL-VaPUC  |9 269941 
650 0 |a Física   |9 227844 
650 0 |a Relatividad  |9 269977 
650 0 |a Gravitación   |9 332312 
583 |a last modification  |c 20130411 10:22:58  |k Rodrigo Vera 
999 |c 242001  |d 241999 
952 |0 0  |1 0  |4 0  |6 520_100000000000000_JEA_1931  |7 0  |8 P  |9 254662  |a BIBEDU  |b BIBEDU  |c BIBEDU_PB  |d 2019-11-19  |i 1576348  |o 520.1 JEA 1931  |p 1576348  |r 2024-01-25  |w 2019-11-19  |y BK  |k FIL